Code of the Krillitanes. Justin Richards (Record no. 426)
[ view plain ]
| 000 -LEADER | |
|---|---|
| fixed length control field | 00213 a2200097 4500 |
| 020 ## - INTERNATIONAL STANDARD BOOK NUMBER | |
| International Standard Book Number | 9781846079283 |
| 100 ## - MAIN ENTRY--PERSONAL NAME | |
| Personal name | Richards |
| 245 ## - TITLE STATEMENT | |
| Title | Code of the Krillitanes. Justin Richards |
| 260 ## - PUBLICATION, DISTRIBUTION, ETC. | |
| Name of publisher, distributor, etc. | BBC |
| Date of publication, distribution, etc. | 2010 |
| 942 ## - ADDED ENTRY ELEMENTS (KOHA) | |
| Source of classification or shelving scheme | Dewey Decimal Classification |
| Koha item type | |
| Withdrawn status | Lost status | Damaged status | Not for loan | Collection | Home library | Current library | Shelving location | Date acquired | Barcode | Date last seen | Price effective from | Koha item type |
|---|---|---|---|---|---|---|---|---|---|---|---|---|
| Reference | Centerville | Centerville | General stacks | 12/04/2014 | 39999000018837 | 12/04/2014 | 12/04/2014 | Books | ||||
| Reference | Centerville | Centerville | General stacks | 12/04/2014 | 39999000018851 | 12/04/2014 | 12/04/2014 | Books | ||||
| Reference | Midway | Midway | General stacks | 12/04/2014 | 39999000018875 | 12/04/2014 | 12/04/2014 | Books |